Państwa Europy z największą liczbą kotów - Statystyki

Ogólne statystyki
  • Ten quiz został rozwiązany 21 razy
  • Średni wynik to 9 z 10
Statystyki odpowiedzi
# Państwo Liczba kotów % Poprawnych
7 Polska 7.125 mln
100%
3 Francja 14.9 mln
95%
8 Hiszpania 5.859 mln
95%
2 Niemcy 15.2 mln
95%
1 Rosja 23.15 mln
95%
6 Ukraina 7.630 mln
95%
4 Wielka Brytania 12 mln
95%
5 Włochy 10.228 mln
90%
10 Rumunia 4.371 mln
80%
9 Turcja 4.660 mln
55%
Nie znaleziono quizów pasujących do podanych kryteriów
Rozkład punktacji
Procent ludzi z każdym wynikiem
Percentyl według liczby udzielonych odpowiedzi
Twoja historia wyników
Nie rozwiązałeś tego quizu